Một số vấn đề về trí thức Việt Nam
Đề cập đến trí thức và tiến bộ xã hội; trí thức Việt Nam qua các chặng đường lịch sử. trình bày đặc điểm và xu hướng phát triển tri thức Việt Nam hiện nay.
Đã lưu trong:
| Tác giả chính: | |
|---|---|
| Định dạng: | Sách |
| Năm xuất bản: |
H.
Chính trị Quốc gia
1998
|
| Chủ đề: | |
| Tags: |
Thêm thẻ
Không có thẻ, Hãy là người đầu tiên gắn thẻ bản ghi này!
|
| LEADER | 01417nam a2200217 4500 | ||
|---|---|---|---|
| 082 | |a 301 |b NG527TH | ||
| 100 | |a Nguyễn Thanh Tuấn | ||
| 245 | |a Một số vấn đề về trí thức Việt Nam |c Nguyễn Thanh Tuấn | ||
| 260 | |a H. |b Chính trị Quốc gia |c 1998 | ||
| 300 | |a 212 tr. |c 19 cm. | ||
| 520 | |a Đề cập đến trí thức và tiến bộ xã hội; trí thức Việt Nam qua các chặng đường lịch sử. trình bày đặc điểm và xu hướng phát triển tri thức Việt Nam hiện nay. | ||
| 653 | |a Xã hội | ||
| 653 | |a Trí thức | ||
| 653 | |a Việt Nam | ||
| 942 | |2 ddc |c STK0 | ||
| 999 | |c 9066 |d 9066 | ||
| 952 | |0 0 |1 0 |2 ddc |4 0 |6 301_000000000000000_NG527TH |7 0 |8 300 |9 74022 |a qbu |b qbu |c D2 |d 2015-05-05 |g 14000 |o 301 NG527TH |p 8641.c1 |r 0000-00-00 |w 2015-05-05 |y STK0 | ||
| 952 | |0 0 |1 0 |2 ddc |4 0 |6 301_000000000000000_NG527TH |7 0 |8 300 |9 74023 |a qbu |b qbu |c D2 |d 2015-05-05 |g 14000 |o 301 NG527TH |p 8641.c2 |r 0000-00-00 |w 2015-05-05 |y STK0 | ||
| 952 | |0 0 |1 0 |2 ddc |4 0 |6 301_000000000000000_NG527TH |7 0 |8 300 |9 74024 |a qbu |b qbu |c D2 |d 2015-05-05 |g 14000 |o 301 NG527TH |p 8641.c3 |r 0000-00-00 |w 2015-05-05 |y STK0 | ||
| 952 | |0 0 |1 0 |2 ddc |4 0 |6 301_000000000000000_NG527TH |7 0 |8 300 |9 74025 |a qbu |b qbu |c D2 |d 2015-05-05 |g 14000 |o 301 NG527TH |p 8641.c4 |r 0000-00-00 |w 2015-05-05 |y STK0 | ||
| 952 | |0 0 |1 0 |2 ddc |4 0 |6 301_000000000000000_NG527TH |7 0 |8 300 |9 74026 |a qbu |b qbu |c D2 |d 2015-05-05 |g 14000 |o 301 NG527TH |p 8641.c5 |r 0000-00-00 |w 2015-05-05 |y STK0 | ||